Diagnóstico de competencias profesionales para el trabajo en equipos interdisciplinarios en una unidad de salud (Record no. 112160)

MARC details
000 -CABECERA
campo de control de longitud fija 00709nab a2200217 a 4500
005 - FECHA Y HORA DE LA ÚLTIMA TRANSACCIÓN
campo de control 20210219155200.0
008 - ELEMENTOS DE LONGITUD FIJA--INFORMACIÓN GENERAL
campo de control de longitud fija 991125s1985 mx 000 0 spa u
035 ## - NÚMERO DE CONTROL DEL SISTEMA
Número de control de sistema UPN01000140012
100 1# - ASIENTO PRINCIPAL--NOMBRE PERSONAL
Nombre de persona Pech Pech, Abigail
222 ## - TÍTULO CLAVE
Título clave PSICOLOGIA IBEROAMERICANA
245 ## - MENCIÓN DE TÍTULO
Título Diagnóstico de competencias profesionales para el trabajo en equipos interdisciplinarios en una unidad de salud
260 ## - PUBLICACIÓN, DISTRIBUCIÓN, ETC.
Lugar de publicación, distribución, etc. México
300 ## - DESCRIPCIÓN FÍSICA
Extensión 12-19
362 0# - FECHAS DE PUBLICACIÓN Y/O DESIGNACIÓN SECUENCIAL
Fecha de publicación y/o designación secuencial 2005 Vol. 13, no. 1, jun.
653 0# - TERMINO DE INDIZACION - NO CONTROLADO
Término no controlado COMPETENCIAS PROFESIONALES
653 0# - TERMINO DE INDIZACION - NO CONTROLADO
Término no controlado TRABAJO EN EQUIPO
653 0# - TERMINO DE INDIZACION - NO CONTROLADO
Término no controlado SERVICIOS DE SALUD
700 0# - ASIENTO SECUNDARIO--NOMBRE DE PERSONAL
Nombre de persona Echeverría Echeverría, Rebelín,
Término indicativo de función/relación coaut.
700 0# - ASIENTO SECUNDARIO--NOMBRE DE PERSONAL
Nombre de persona Castillo Leon, Teresita,
Término indicativo de función/relación coaut.
905 ## - TIPO DE MATERIAL
Tipo de material Articulo

No items available.